MDQL
is popping MORE tags! Check the
thread
!
Quizzes
Events
Quiz Creation
Community
Videos
Private Events
Remove Ads
Sign In
Join for FREE
Feedback
Dark Mode
Quiz Categories
Sports
Geography
Music
Movies
Television
Just For Fun
Miscellaneous
History
Literature
Language
Science
Gaming
Entertainment
Religion
Holiday
For Kids
Quiz Lab
Recent
Popular Today
Quiz Kudos Today
Editor Picks
Curator Picks
Quizzes by...
Day
Popularity
Type
Ratings
Length
Year
Community
Subscriptions
Recent Discussions
Orange Saloon
Badges
Playlists
Quests
Create
Leaderboards
Showdown
Live 5
Trivia Bingo
Activity
Puzzle Library
Sporcle Events
Private Events
Virtual Trivia
Globe League
Become a Host
Pub Owners
SporcleCon
Opinionation
Our Games
Videos
Blog
Mobile Apps
Partnerships
Remove Ads and Go Orange
Feedback
Sports
Athletes
MLB
NBA
NHL
NFL
Soccer
Sports Teams
WWE
NCAA
Football
Premier League
Basketball
Baseball
Hockey
Golf
Tennis
Cricket
Rugby
Auto Racing
Olympics
World Cup
Sports
Athletes
MLB
NBA
NHL
NFL
Soccer
Sports Teams
WWE
NCAA
Football
Premier League
Basketball
Baseball
Hockey
Golf
Tennis
Cricket
Rugby
Auto Racing
Olympics
World Cup
Random Quiz
Search Sporcle
×
Quiz Lab
Quiz Lab
Sports
Premier League
Type in answers that appear in a list
Type in answers that appear in a list
Classic
Best Score? Go Orange.
Capped players at Arsenal since 1992 Stats
Can you name the Capped players at Arsenal since 1992?
By
Marshall89
13m
150 Questions
2,077 Plays
2,077 Plays
2,077 Plays
Comments
Comments
Give Quiz Kudos
Give Quiz Kudos
-
- Ratings
hide this ad
More Info
Replay
Link that replays current quiz
Next Quiz
Link to next quiz in quiz playlist
You Got
0%
They Got
Avg Score
46%
Avg Friend Score
Upgrade to see
Score Distribution
Jump to the score distribution portion of the page
Score
0/150
Timer
13:00
0
Plays Today
Nation
Player
% Correct
England
Bukayo Saka
91.3%
Chile
Alexis Sánchez
91%
Costa Rica
Joel Campbell
89.7%
England
Sol Campbell
89.5%
England
Tony Adams
88.5%
France
Thierry Henry
87.5%
Switzerland
Granit Xhaka
86.3%
Germany
Mesut Özil
86.1%
England
Theo Walcott
85.8%
Gabon
Pierre-Emerick Aubameyang
85%
Togo
Emmanuel Adebayor
85%
Wales
Aaron Ramsey
84.6%
Brazil
Gilberto Silva
84.3%
Czech Republic
Tomáš Rosický
83.9%
Belarus
Alexander Hleb
83.7%
Netherlands
Dennis Bergkamp
83.6%
Russia
Andrei Arshavin
83.1%
Scotland
Kieran Tierney
82.5%
Norway
Martin Ødegaard
82.5%
Brazil
Edu
82.4%
France
Patrick Vieira
81.8%
England
Lee Dixon
81.8%
England
Jack Wilshere
81.4%
England
Benjamin White
81.3%
England
David Seaman
81%
England
Martin Keown
80.6%
France
Robert Pirès
80.6%
Germany
Per Mertesacker
80.1%
England
Ian Wright
79.9%
England
Richard Wright
79.7%
Sweden
Fredrik Ljungberg
79.6%
Cameroon
Alex Song
79.6%
France
Emmanuel Petit
79.4%
Germany
Lukas Podolski
79.2%
Brazil
Gabriel Martinelli
79.2%
England
Aaron Ramsdale
79.2%
Netherlands
Robin van Persie
79.2%
Denmark
Nicklas Bendtner
78.2%
Spain
Cesc Fàbregas
78.1%
Ivory Coast
Kolo Touré
78%
Ghana
Thomas Partey
77.9%
Cameroon
Lauren
77.9%
Netherlands
Marc Overmars
77.6%
Germany
Jens Lehmann
77.4%
Belgium
Thomas Vermaelen
77.2%
Nigeria
Nwankwo Kanu
76.9%
England
Alex Oxlade-Chamberlain
76.8%
France
Alexandre Lacazette
76.7%
England
Nigel Winterburn
76.5%
France
Sylvain Wiltord
75.5%
Nation
Player
% Correct
England
Ashley Cole
75.3%
Greece
Sokratis Papastathopoulos
75%
Brazil
Gabiel Jesus
74.8%
Colombia
David Ospina
74.6%
France
Bacary Sagna
74.2%
France
Gaël Clichy
73.7%
Ivory Coast
Emmanuel Eboué
73.5%
Switzerland
Philippe Senderos
73.4%
Spain
Santi Cazorla
73.1%
France
Olivier Giroud
72.9%
England
Ray Parlour
72.2%
England
Eddie Nketiah
72.2%
France
Laurent Koscielny
71.8%
Ivory Coast
Nicolas Pépé
71.7%
Poland
Łukasz Fabiański
71.4%
Armenia
Henrikh Mkhitaryan
71.3%
England
Emile Smith Rowe
70.8%
England
Kieran Gibbs
70.7%
Croatia
Davor Šuker
70.2%
Germany
Shkodran Mustafi
69.6%
Croatia
Eduardo
69.2%
Morocco
Marouane Chamakh
69%
Mexico
Carlos Vela
68.9%
Nigeria
Alex Iwobi
68.8%
Spain
José Antonio Reyes
68.1%
Uruguay
Lucas Torreira
67.9%
Ivory Coast
Gervinho
67.9%
Brazil
Gabriel Magalhães
67.6%
England
Danny Welbeck
67.4%
England
Steve Bould
67.3%
France
Samir Nasri
67.2%
France
Nicolas Anelka
67.1%
Bosnia & Herzegovina
Sead Kolašinac
67.1%
England
Paul Merson
66.7%
Spain
Héctor Bellerín
66.7%
South Korea
Park Chu-Young
66.6%
Poland
Wojciech Szczęsny
66.3%
Switzerland
Johan Djourou
66%
France
Abou Diaby
65.8%
England
Calum Chambers
65.5%
Liberia
Christopher Wreh
65.3%
Belgium
Leandro Trossard
65.3%
Germany
Bernd Leno
65%
Spain
Nacho Monreal
64.9%
Japan
Takehiro Tomiyasu
64.2%
Austria
Alex Manninger
63.7%
Italy
Jorginho
62.6%
France
William Saliba
62.1%
France
William Gallas
61.8%
England
Declan Rice
61.1%
Nation
Player
% Correct
Germany
Kai Havertz
61.1%
Estonia
Mart Poom
59.3%
England
Alan Smith
58.6%
Ukraine
Oleh Luzhny
58.3%
Netherlands
Giovanni van Bronckhorst
58.2%
England
David Platt
56.4%
England
Carl Jenkinson
56%
France
Mathieu Flamini
55.8%
Brazil
Sylvinho
55.8%
Portugal
Cédric
55.4%
Denmark
John Jensen
54.2%
Japan
Junichi Inamoto
53.4%
France
Matteo Guendouzi
52.5%
Ukraine
Oleksandr Zinchenko
51.9%
Argentina
Nelson Vivas
50.7%
France
Mathieu Debuchy
50.5%
Wales
John Hartson
49.9%
Poland
Jakub Kiwior
48.3%
England
Francis Jeffers
47.9%
Belgium
Albert Sambi Lokonga
47.5%
Sweden
Anders Limpar
47.4%
Latvia
Igors Stepanovs
47.2%
USA
Matt Turner
47.2%
Switzerland
Stephan Lichtsteiner
45.8%
Czech Republic
Petr Čech
43.7%
England
Ainsley Maitland-Niles
41.7%
Ghana
Emmanuel Frimpong
40.1%
Republic of Ireland
David O'Leary
40%
Greece
Konstantinos Mavropanos
38.8%
France
Lassana Diarra
36.9%
Iceland
Rúnar Alex Rúnarsson
36.7%
Japan
Ryo Miyaichi
36.4%
Algeria
Ismaël Bennacer
31.3%
Sweden
Stefan Schwarz
31.1%
Netherlands
Glenn Helder
28.4%
Northern Ireland
Steve Morrow
27.3%
Estonia
Karl Hein
24.6%
Senegal
Armand Traoré
24.2%
USA
Auston Trusty
23.5%
Republic of Ireland
Eddie McGoldrick
22.1%
Japan
Takuma Asano
21.3%
Northern Ireland
Daniel Ballard
20%
Norway
Pål Lydersen
17.9%
Egypt
Mohamed Elneny
16.5%
Tunisia
Omar Rekik
16.1%
Lithuania
Tomas Danilevičius
14.7%
Wales
Rhys Weston
11%
Republic of Ireland
Graham Barrett
10.4%
Iceland
Ólafur Ingi Skúlason
8.5%
Mexico
Marcelo Flores
6.5%
Quiz Playlist
Details
Report
Send in Message
Add To Playlist
More Info:
Loan signings are not included. The Year inidicates the year in which they first appeared Internationally while at Arsenal.
Classic:
Type in answers that appear in a list
Quiz Source
Last Updated: May 27, 2022
Quiz Scoreboard
CHALLENGE
Sign Up to Join the Scoreboard
Show All
Scores
Hide
Comments
May contain spoilers
Recently Published
Colored Red Africa Blitz
by spor1
Geography
30s
Find the 'City' Movie
by crazypaving
Movies
60s
5x2 Blitz: Bands
by SL_Kpop136
Music
30s
More to Explore
Quiz From the Vault
Featured Blog Post
14 Easter Pick-up Lines to Find Eggs With
hide this ad
You Might Also Like...
Tags
Nation Quiz
Premier League Quiz
1992
Arsenal
Capped
debut
Player
Today's Top Quizzes in Sports
Browse Sports
hide this ad
Today's Top Quizzes in Premier League
Browse Premier League
Top Contributed Quizzes in Sports
1
Players with Multiple 50 Home Run Seasons
2
Who Needs Fielders?
3
Criteria MLB: Left Handed Sluggers
4
MLB Players with Two .350 Batting Average Seasons
5
Who Hit More Homers?
6
2020 F1 Drivers Logic Puzzle
7
NBA Teammate Connections
8
Premier League Clubs since 2000 (minefield)
9
MLB Teams by First Game
10
Top 10 NHL Goal Scorers of All Time
Explore More
Trending Topics
Disney
Kpop
Marvel
Crossword
NBA
Anime
Harry Potter
Song
Soccer
WWE
Pokémon
NFL
Puzzle
Country
The Office
hide this ad
More By:
Marshall89
Quiz
Plays
Rating
Category
Featured
Created
Premier League Scorers per Team (2012-13)
14,602
4.59
Sports
Mar 10, 2013
La Liga Champions XIs since 1996/97 season
13,630
4.23
Sports
Jun 15, 2013
Leading Premier League scorers (Still Playing in Prem)
12,681
4.24
Sports
Sep 3, 2012
EPL 100: Best Premier League Players 2013/14
10,675
2.60
Sports
Aug 16, 2013
Premier League's Brazil Internationals
10,018
4.54
Sports
Oct 1, 2012
Go to Creator's Profile
Score Distribution
Quiz Creator Spotlight
Marshall89
Follow
Send a Message
Quizzes Created
-
Created Quiz Play Count
-
More By This Creator
Popular Quizzes Today
1
5x2 Blitz: Bands
2
Find the 'City' Movie
3
Find the US States - No Outlines Minefield
4
Colored Red Africa Blitz
5
The Countries of the World
6
Find the US States
7
9x9 Crossword: Cartoon Network
8
Risky Map Clicking: Biggest States A-Z
More Sports Quizzes
NCAA Football: Perfect Decade (2010s)
Published
Trending Quizzes
Colored Red Africa Blitz II
Colored Red Europe Blitz I
Find the 'Dark' Movie
Find the 'Day' Movie
Find the 'Good' Movie
Recently Updated
Champions League XIs: Real Madrid
pecheneg
Largest US Cities 1790-2010
pecheneg
Rides in Walt Disney World
pecheneg
Most Oscar Losses (Acting)
pecheneg
Beyoncé Albums
pecheneg
Leaping Animals
pecheneg
Reality TV Shows (A-Z)
bhenderson79
Rickey Henderson's Hall of Fame Teammates
pecheneg
Champions League XIs: Arsenal
pecheneg
Quick Pick: Celebrities in WWE's Hall of Fame
aduchscher
Trending Topics
Kpop
Disney
NBA
Marvel
Crossword
Anime
Harry Potter
Soccer
Song
Country
The Office
Puzzle
Pokémon
NFL
WWE
Your Account Isn't Verified!
In order to create a playlist on Sporcle, you need to verify the email address you used during registration. Go to your
Sporcle Settings
to finish the process.
Report this User
Report this user for behavior that violates our
Community Guidelines
.
Details:
Send Report
Go to the Sporcle.com Mobile Site →
Comments